Umbral del resplandor /
Guardado en:
| Autor Principal: | |
|---|---|
| Formato: | Libro |
| Publicado: |
Bahía Blanca :
Fondo Municipal de las Artes, Subsecretaría de Cultura, Municipalidad de Bahía Blanca
|
| Series: | Colección La bahía del silencio / n°4
|
| Materias: | |
| Etiquetas: |
Agregar Etiqueta
Sin Etiquetas, Sea el primero en etiquetar este registro!
|
| LEADER | 00783nam a22002415a 4500 | ||
|---|---|---|---|
| 001 | CEM.cems015043 | ||
| 005 | 20190910120007.0 | ||
| 008 | 130507b######################000#0#####d | ||
| 003 | CEMS | ||
| 082 | 0 | 4 | |a A861.4 |
| 100 | 1 | |a Costiglia, Osvaldo Mario | |
| 245 | 1 | 0 | |a Umbral del resplandor / |c Osvaldo Mario Costiglia |
| 260 | |a Bahía Blanca : |b Fondo Municipal de las Artes, Subsecretaría de Cultura, Municipalidad de Bahía Blanca | ||
| 300 | |a 81 p. | ||
| 490 | 0 | |a Colección La bahía del silencio / n°4 | |
| 653 | |a Literatura | ||
| 653 | |a Literatura argentina | ||
| 653 | |a Literatura siglo xx | ||
| 653 | |a Literatura bahiense | ||
| 653 | |a Poesía | ||
| 653 | |a Poesía bahiense | ||
| 653 | |a Autores bahienses | ||
| 859 | |a CEMS |b BIB. CEMS - 11 de abril |h A861.4 |i C82 |p 27781.19 |t Ej.1 | ||
